MAS ETICA, MAS DESARROLLO (Registro nro. 57841)
[ vista simple ]
| 000 -LEADER | |
|---|---|
| fixed length control field | 00890nam a2200205 a 4500 |
| 001 - CONTROL NUMBER | |
| control field | 57841 |
| 005 - DATE AND TIME OF LATEST TRANSACTION | |
| control field | 20180714054207.0 |
| 008 - FIXED-LENGTH DATA ELEMENTS--GENERAL INFORMATION | |
| fixed length control field | 140415s2004 ag 000 0 spa d |
| 020 ## - INTERNATIONAL STANDARD BOOK NUMBER | |
| International Standard Book Number | 9879164970 |
| 041 ## - LANGUAGE CODE | |
| Language code of text/sound track or separate title | spa |
| 082 ## - DEWEY DECIMAL CLASSIFICATION NUMBER | |
| Classification number | 174 |
| Item number | KLI |
| 100 1# - MAIN ENTRY--PERSONAL NAME | |
| Personal name | KLIKSBERG, BERNARDO |
| 245 10 - TITLE STATEMENT | |
| Title | MAS ETICA, MAS DESARROLLO |
| 250 ## - EDITION STATEMENT | |
| Edition statement | 1a ed. |
| 260 ## - PUBLICATION, DISTRIBUTION, ETC. | |
| Place of publication, distribution, etc. | ARGENTINA : |
| Name of publisher, distributor, etc. | TEMAS GRUPO EDITORIAL SRL, |
| Date of publication, distribution, etc. | 2004 |
| 300 ## - PHYSICAL DESCRIPTION | |
| Extent | 457 |
| Dimensions | 15.5 x 1.3 x 22.5 |
| 490 ## - SERIES STATEMENT | |
| Series statement | PAIDOS EMPRESA |
| 520 ## - SUMMARY, ETC. | |
| Summary, etc. | ESTA OBRA TIENE COMO FINALIDAD APORTAR ELEMENTOS QUE PERMITAN ENRIQUECER EL GRAN DEBATE SOBRE LA ETICA QUE COMIENZA A PERFILARSE EN EL CONTIENENTE. EN ELLA EL AUTOR INTEGRA VARIOS TRABAJOS QUE HA PREPARADO, LOS CUALES ABORDAN LAS RELACIONES ENTRE ÉTICA Y ECONOMIA DESDE DISTINTOS ANGULOS |
| 650 14 - SUBJECT ADDED ENTRY--TOPICAL TERM | |
| Topical term or geographic name entry element | ECONOMIA |
| General subdivision | DESARROLLO |
| -- | POBREZA |
| -- | LATINOAMERICA |
| -- | LATINOAMERICA |
| -- | CONDICIONES SOCIALES |
| -- | 1982 |
| Withdrawn status | Lost status | Source of classification or shelving scheme | Damaged status | Not for loan | Collection code | Home library | Current library | Shelving location | Date acquired | Source of acquisition | Inventory number | Total Checkouts | Full call number | Barcode | Date last seen | Date last checked out | Price effective from | Koha item type |
|---|---|---|---|---|---|---|---|---|---|---|---|---|---|---|---|---|---|---|
| Dewey Decimal Classification | General | Biblioteca Karol Wojtyla | Biblioteca Karol Wojtyla | Sala general | 03/12/2013 | Compra | 151000000000000000062973 | 1 | 174 KLI | 87325 | 05/01/2026 | 30/01/2020 | 03/12/2013 | Libro |